| 000 | 00593nam a2200217 a 4500 | ||
|---|---|---|---|
| 005 | 20210219153330.0 | ||
| 008 | 991125n 000 0 spa u | ||
| 035 | _aUPN01000091720 | ||
| 100 | 0 | _aRamos Rodríguez, José | |
| 222 | 0 | _aAULA DE INNOVACION EDUCATIVA | |
| 245 | 0 | 3 | _aEl PEC, es la meta o el camino? Estrategias y problemas en su elaboración |
| 260 | _aBarcelona, España | ||
| 300 | _a24-29 | ||
| 362 | 0 | _a1995 No. 38, may. | |
| 653 | 0 | _aCURRICULUM | |
| 653 | 0 | _aESPAÑA | |
| 653 | 0 | _aPEC | |
| 653 | 0 | _aPROYECTO EDUCATIVO | |
| 904 |
_aAC _b029531 |
||
| 905 | _aArticulo | ||
| 999 |
_c74094 _d74094 |
||